000 00596nam a2200181Ia 4500
008 090124s9999 xx 000 0 und d
082 _b115588
100 _aजावडेकर मुरलीधर
245 _a प्रीती मिळेल का हो ?
250 _a1
260 _c1974
300 _a64
600 _aजावडेकर मुरलीधर
630 _a प्रीती मिळेल का हो ?
700 _aजावडेकर मुरलीधर
730 _a प्रीती मिळेल का हो ?
942 _cBOOK
999 _c161679
_d161679